A symplectic framework for field theories /
Guardado en:
| Autor Principal: | |
|---|---|
| Otros Autores: | |
| Formato: | Libro |
| Idioma: | English |
| Publicado: |
Berlin :
Springer-Verlag,
1979.
|
| Series: | Lecture notes in physics ;
107 |
| Materias: | |
| Etiquetas: |
Agregar Etiqueta
Sin Etiquetas, Sea el primero en etiquetar este registro!
|
| LEADER | 00831pam a2200253 a 4500 | ||
|---|---|---|---|
| 001 | MAT.inmabb004327 | ||
| 008 | 790821s1979####gw#######b####001#0#eng## | ||
| 005 | 20170519130048.0 | ||
| 245 | 1 | 2 | |a A symplectic framework for field theories / |c Jerzy Kijowski, Wlodzimierz M. Tulczyjew. |
| 260 | |a Berlin : |b Springer-Verlag, |c 1979. | ||
| 300 | |a iv, 257 p. ; |c 25 cm. | ||
| 440 | 0 | |a Lecture notes in physics ; |v 107 | |
| 504 | |a Bibliografía: p. [254]-257. | ||
| 510 | 4 | |a MR, |c 81m:70001 | |
| 020 | |a 3540095381 | ||
| 020 | |a 0387095381 (New York) | ||
| 100 | 1 | |a Kijowski, Jerzy, |d 1943- | |
| 700 | 1 | |a Tulczyjew, Wlodzimierz M., |d 1931- | |
| 650 | 0 | |a Symplectic manifolds. | |
| 650 | 0 | |a Field theory (Physics) | |
| 084 | |a 70-02 (70A05 81E99) |2 MR | ||
| 010 | |a 79020519 | ||
| 040 | |a DLC |c DLC |d DLC | ||
| 859 | |h 70 |i K47 |p A-6327 |b BIB. MATEMATICA | ||
